| 000 | 01225amm a2200373a 44500 | ||
|---|---|---|---|
| 008 | 190927s2018 ita | ||
| 041 | _aita | ||
| 041 | _bcat | ||
| 041 | _beng | ||
| 041 | _bfre | ||
| 041 | _bglg | ||
| 041 | _bpor | ||
| 041 | _brum | ||
| 041 | _bspa | ||
| 110 |
_aUniversità Cattolica del Sacro Cuore. Osservatorio di Terminologie e Politiche Linguistiche _974860 |
||
| 245 |
_aLessico panlatino dell'energia geotermica _h[en línia] _cUniversità Cattolica del Sacro Cuore. Osservatorio di Terminologie e Politiche Linguistiche (OTPL) |
||
| 260 |
_aMilano _bEDUCatt, Ente per il Diritto allo Studio Universitario dell'Università Cattolica _c2018 |
||
| 300 | _a86 p. | ||
| 365 | _b30 | ||
| 365 | _ceuros | ||
| 500 | _aCategoria gramatica, notes, sinònims, àmbit d'ús | ||
| 500 | _aÍndexs | ||
| 520 | _a125 | ||
| 546 | _aitalià | ||
| 592 | _aObra terminològica | ||
| 593 | _aGQM | ||
| 650 |
_aenergia geotèrmica _964345 |
||
| 856 | _uhttp://www.realiter.net/wp-content/uploads/2013/06/OTPL_EnergiaGeo_bozza.pdf | ||
| 901 | _c<2018> | ||
| 902 | _a190927 | ||
| 942 |
_cMO _n0 _2ddc |
||
| 999 |
_c67541 _d67541 |
||